ბათუმის შოთა რუსთაველის სახელმწიფო უნივერსიტეტის ბიბლიოთეკა

Основы автоматики и электронно-вычислительной техники (ბიბ.ჩანაწერი № 35547)

000 -LEADER
fixed length control field 00749nam a2200229Ia 4500
001 - CONTROL NUMBER
control field 1408
003 - CONTROL NUMBER IDENTIFIER
control field GE_BSU
008 - FIXED-LENGTH DATA ELEMENTS--GENERAL INFORMATION
fixed length control field 181216s||||||||xx |||||||||||||| ||und||
020 ## - INTERNATIONAL STANDARD BOOK NUMBER
International Standard Book Number 5090028028
040 ## - CATALOGING SOURCE
Transcribing agency GE_BSU
080 ## - UNIVERSAL DECIMAL CLASSIFICATION NUMBER
Universal Decimal Classification number 681.5(075.8)+004.7(075.8)
100 ## - MAIN ENTRY--PERSONAL NAME
Personal name Ямпольский,В.С.
245 ## - TITLE STATEMENT
Title Основы автоматики и электронно-вычислительной техники
245 ## - TITLE STATEMENT
Remainder of title Уч-е пособие для студ. пед. ин-тов
260 ## - PUBLICATION, DISTRIBUTION, ETC.
Place of publication, distribution, etc. Москва
260 ## - PUBLICATION, DISTRIBUTION, ETC.
Name of publisher, distributor, etc. Просвещение
260 ## - PUBLICATION, DISTRIBUTION, ETC.
Date of publication, distribution, etc. 1991
300 ## - PHYSICAL DESCRIPTION
Extent 222стр.
653 ## - INDEX TERM--UNCONTROLLED
Uncontrolled term Основы автоматики и электронно-вычислительной техники
942 ## - ADDED ENTRY ELEMENTS (KOHA)
Koha item type წიგნი
ეგზემპლარები
Withdrawn status Lost status Damaged status Not for loan Date acquired Barcode Date last seen Price effective from Koha item type
        2018-12-17 864 2018-12-17 2018-12-17 წიგნი